[Event "Memorial Nicola Palladino A"]
[Site "Milano ITA"]
[Date "2009.04.13"]
[Round "6"]
[White "Falchi, Claudio"]
[Black "Colombo, Abner"]
[Result "1-0"]
[WhiteElo "1467"]
[BlackElo "1260"]
[PlyCount "35"]
[EventDate "2009.04.10"]

1. e4 c5 2. c3 d5 3. exd5 Qxd5 4. d4 cxd4 5. Qxd4 Qe6+ 6. Be3 Nc6 7. Qc4 Qg6 8.
Nf3 Be6 9. Qd3 f5 10. Na3 a6 11. Nc4 Rd8 12. Qc2 Nf6 13. Nfe5 Nxe5 14. Nxe5 Qh5
15. Qa4+ b5 16. Qxa6 Nd7 17. Qxe6 Nxe5 18. Qxe5 1-0

[Event "Memorial Nicola Palladino A"]
[Site "Milano ITA"]
[Date "2009.04.13"]
[Round "6"]
[White "Gonella, Daniele"]
[Black "Rossi, Giampiero"]
[Result "1/2-1/2"]
[WhiteElo "1764"]
[BlackElo "1915"]
[PlyCount "113"]
[EventDate "2009.04.10"]

1. e4 c5 2. c3 d5 3. exd5 Qxd5 4. d4 e6 5. Nf3 Nc6 6. Na3 Nf6 7. Bc4 Qd8 8. Nc2
cxd4 9. Ncxd4 Nxd4 10. Qxd4 Qxd4 11. Nxd4 a6 12. O-O Be7 13. Bf4 O-O 14. Rad1
Bd7 15. Nf3 Rfc8 16. Ne5 Be8 17. Bb3 Rd8 18. Rxd8 Rxd8 19. Rd1 Rxd1+ 20. Bxd1
Nd5 21. Bg3 f6 22. Nd3 e5 23. Bf3 Bc6 24. c4 Nb4 25. Nxb4 Bxf3 26. Nxa6 Be2 27.
Nc7 Bxc4 28. b3 Bf7 29. f3 Bd8 30. Nb5 Bd5 31. Nc3 Bc6 32. b4 Kf7 33. Kf2 Ke6
34. Ke3 Bb6+ 35. Kd3 Bd4 36. b5 Bd5 37. Nxd5 Kxd5 38. a4 f5 39. a5 e4+ 40.
fxe4+ fxe4+ 41. Ke2 Kc5 42. a6 bxa6 43. bxa6 Kb5 44. Bf2 Bxf2 45. Kxf2 Kxa6 46.
Ke3 Kb6 47. Kxe4 Kc6 48. Ke5 Kd7 49. h4 Ke7 50. h5 Kf7 51. Kf5 Ke7 52. Kg5 Kf7
53. h6 gxh6+ 54. Kxh6 Kg8 55. Kg5 Kf7 56. g4 Kg7 57. Kh5 1/2-1/2

[Event "Memorial Nicola Palladino A"]
[Site "Milano ITA"]
[Date "2009.04.13"]
[Round "6"]
[White "Guzzetti, Luigi Enrico"]
[Black "Magistroni, Imerio"]
[Result "1-0"]
[WhiteElo "1891"]
[BlackElo "1649"]
[PlyCount "57"]
[EventDate "2009.04.10"]

1. e4 e5 2. Nf3 Nc6 3. Bb5 f5 4. d4 fxe4 5. Bxc6 dxc6 6. Nxe5 Nf6 7. Bg5 Qe7 8.
Nc3 Be6 9. O-O O-O-O 10. Nxe4 Qb4 11. c3 Qxb2 12. Nxf6 h6 13. Qa4 Qb6 14. Rab1
hxg5 15. Rxb6 gxf6 16. Rxc6 fxe5 17. Rxe6 exd4 18. cxd4 Bd6 19. Rxd6 Rxd6 20.
Qxa7 Rdh6 21. Qa8+ Kd7 22. Qxb7 Rxh2 23. Qd5+ Kc8 24. Qf5+ Kd8 25. Qxg5+ Kc8
26. f3 Rh1+ 27. Kf2 R1h5 28. Qg4+ Kd8 29. Rb1 1-0

[Event "Memorial Nicola Palladino A"]
[Site "Milano ITA"]
[Date "2009.04.04"]
[Round "6"]
[White "Mina, N. Mina"]
[Black "Lavric, Mihail"]
[Result "1-0"]
[WhiteElo "2177"]
[BlackElo "1984"]
[PlyCount "59"]
[EventDate "2009.04.10"]

1. e4 c5 2. d4 cxd4 3. c3 dxc3 4. Nxc3 g6 5. Nf3 Bg7 6. Bc4 e6 7. Nb5 Ne7 8.
Nd6+ Kf8 9. Ng5 f6 10. Ngf7 Qa5+ 11. Bd2 Qh5 12. Qxh5 gxh5 13. Nxh8 Bxh8 14.
Bc3 Nbc6 15. f4 Ng6 16. O-O Ke7 17. Rad1 a6 18. a4 Bg7 19. Rd3 Bh6 20. g3 Nf8
21. a5 Rb8 22. h4 Bg7 23. Rfd1 Kd8 24. Bd4 Nxd4 25. Rxd4 b5 26. axb6 Rxb6 27.
Nxc8 Kxc8 28. Rd6 Kc7 29. Rxb6 Kxb6 30. b4 1-0

[Event "Memorial Nicola Palladino A"]
[Site "Milano ITA"]
[Date "2009.04.13"]
[Round "6"]
[White "Palmieri, Giovanni"]
[Black "Poletto, Daniele"]
[Result "1/2-1/2"]
[WhiteElo "1737"]
[BlackElo "1796"]
[PlyCount "48"]
[EventDate "2009.04.10"]

1. d4 Nf6 2. c4 g6 3. Nc3 Bg7 4. e4 d6 5. f4 O-O 6. Nf3 c5 7. d5 e6 8. Be2 exd5
9. cxd5 Re8 10. Nd2 a6 11. a4 Nbd7 12. O-O Nf8 13. Qc2 Qc7 14. Nc4 Bd7 15. Bf3
b5 16. axb5 axb5 17. Rxa8 Rxa8 18. Nxd6 Qxd6 19. e5 Qb6 20. exf6 c4+ 21. Kh1
Bxf6 22. Bd2 Bg7 23. g4 b4 24. Nd1 Ra1 1/2-1/2

[Event "Memorial Nicola Palladino A"]
[Site "Milano ITA"]
[Date "2009.04.13"]
[Round "6"]
[White "Salmoiraghi, Angelo"]
[Black "Bozzali, Ermanno"]
[Result "1/2-1/2"]
[WhiteElo "2136"]
[BlackElo "2126"]
[PlyCount "76"]
[EventDate "2009.04.10"]

1. e4 Nf6 2. e5 Nd5 3. Nc3 Nxc3 4. dxc3 d6 5. Bc4 Nc6 6. Nf3 e6 7. exd6 cxd6 8.
O-O Be7 9. Re1 O-O 10. Bf4 Na5 11. Bf1 e5 12. Bc1 Be6 13. b3 Rc8 14. c4 Nc6 15.
a4 f6 16. Ba3 Qc7 17. Qe2 d5 18. Bxe7 Nxe7 19. Nd4 Bf7 20. Nb5 Qc5 21. cxd5
Nxd5 22. c4 Nb4 23. Red1 Rfd8 24. Rxd8+ Rxd8 25. Rd1 Rxd1 26. Qxd1 Be6 27. Qd8+
Qf8 28. Qc7 Qc8 29. Qxc8+ Bxc8 30. Nd6 Be6 31. Nxb7 Na6 32. c5 Nb4 33. Na5 Kf8
34. Bc4 Bxc4 35. Nxc4 Ke7 36. Na5 Ke6 37. Kf1 Kd5 38. Ke2 Kxc5 1/2-1/2

[Event "Memorial Nicola Palladino A"]
[Site "Milano ITA"]
[Date "2009.04.13"]
[Round "6"]
[White "Vittadini, Attilio"]
[Black "Mouflih, Caesar Faycal"]
[Result "1-0"]
[WhiteElo "1865"]
[BlackElo "1600"]
[PlyCount "87"]
[EventDate "2009.04.10"]

1. e4 e5 2. Nf3 Nc6 3. Bb5 a6 4. Ba4 Nf6 5. O-O Be7 6. Re1 b5 7. Bb3 O-O 8. c3
d5 9. exd5 Nxd5 10. Nxe5 Nxe5 11. Rxe5 c6 12. d4 Bd6 13. Re1 Qh4 14. g3 Qh3 15.
Qd3 Bg4 16. Qf1 Qh5 17. Be3 Rae8 18. Nd2 f5 19. f4 Kh8 20. Bf2 Be2 21. Qg2 Bxf4
22. Bxd5 Bxd2 23. Bxc6 f4 24. g4 Qg5 25. Bxe8 f3 26. Qg3 Bf4 27. Qh4 Qxh4 28.
Bxh4 g5 29. Bf2 Rxe8 30. a4 h5 31. gxh5 Kh7 32. axb5 Kh6 33. bxa6 Kxh5 34. a7
Ra8 35. Rxe2 fxe2 36. d5 Kg4 37. Kg2 Bxh2 38. Kxh2 Kf3 39. Kg1 g4 40. c4 g3 41.
Ra3+ Ke4 42. Be1 Kd4 43. Bxg3 Rg8 44. Kf2 1-0

[Event "C.to Regionale Emilia-Romagna"]
[Site "Bologna ITA"]
[Date "2009.04.13"]
[Round "5"]
[White "Buriani, Andrea"]
[Black "Ferri, Massimiliano"]
[Result "0-1"]
[WhiteElo "2181"]
[BlackElo "2147"]
[PlyCount "134"]
[EventDate "2009.04.10"]

1. d4 Nf6 2. Nf3 d5 3. e3 Bf5 4. c4 c6 5. cxd5 cxd5 6. Nc3 e6 7. Qb3 Qc7 8. Bd2
Nc6 9. Nh4 Bg6 10. Nxg6 hxg6 11. Bd3 Bb4 12. a3 Bxc3 13. Bxc3 Ng4 14. h3 f5 15.
Rc1 Nf6 16. Bb4 Kf7 17. Qc2 Qd7 18. Qd2 a6 19. f3 g5 20. Bc2 Rac8 21. O-O Nxb4
22. Qxb4 Rc4 23. Qd2 Rhc8 24. Bd3 R4c6 25. Kh1 Qc7 26. Rce1 Nh5 27. Rf2 Ng3+
28. Kg1 Rc1 29. f4 Rxe1+ 30. Qxe1 Qc1 31. Qxc1 Rxc1+ 32. Kh2 gxf4 33. exf4 Ne4
34. Rc2 Rd1 35. Be2 Rd2 36. Bh5+ g6 37. Rc7+ Kf6 38. Bf3 Rxb2 39. h4 Nd6 40. h5
Nf7 41. Rc8 g5 42. Rg8 g4 43. Rg6+ Ke7 44. Bd1 Rd2 45. Bb3 Rd3 46. Bc2 Rc3 47.
Bd1 Rd3 48. Be2 Rd2 49. Bf1 Rxd4 50. Kg3 Ra4 51. h6 Rxa3+ 52. Kf2 Nxh6 53. Rxh6
Kd6 54. Ke2 Rb3 55. Kd2 Rb2+ 56. Ke3 a5 57. Bd3 Kc5 58. Be2 a4 59. Rh8 a3 60.
Ra8 Kb4 61. g3 b5 62. Kd3 Rb3+ 63. Kc2 Rxg3 64. Rb8 Rg2 65. Rxb5+ Ka4 66. Rb8
Rxe2+ 67. Kc1 Re4 0-1

[Event "C.to Provinciale AT"]
[Site "Asti ITA"]
[Date "2009.04.16"]
[Round "1"]
[White "Astengo, Marcello"]
[Black "Del Nevo, Claudio"]
[Result "1/2-1/2"]
[WhiteElo "2114"]
[BlackElo "1894"]
[PlyCount "49"]
[EventDate "2009.04.16"]

1. d4 d6 2. e4 Nf6 3. f3 g6 4. c4 Bg7 5. Nc3 c6 6. Bg5 O-O 7. Qd2 a6 8. Bd3 b5
9. Nge2 b4 10. Na4 Qa5 11. b3 c5 12. O-O Bd7 13. a3 Bxa4 14. axb4 Qxb4 15. Qxb4
cxb4 16. Rxa4 a5 17. Rfa1 Nc6 18. d5 Ne5 19. Bc2 h6 20. Bd2 Nfd7 21. Rxa5 Nxf3+
22. gxf3 Bxa1 23. Bxb4 Rxa5 24. Bxa5 Nc5 25. Bd2 1/2-1/2

[Event "C.to Provinciale AT"]
[Site "Asti ITA"]
[Date "2009.04.16"]
[Round "1"]
[White "Bove, Alessandro"]
[Black "Forno, Roberto"]
[Result "1-0"]
[WhiteElo "2297"]
[BlackElo "1944"]
[PlyCount "45"]
[EventDate "2009.04.16"]

1. e4 d6 2. d4 g6 3. Nc3 Bg7 4. Be3 Nc6 5. Qd2 e5 6. Nge2 f5 7. exf5 gxf5 8.
Bg5 Nge7 9. O-O-O O-O 10. dxe5 Nxe5 11. Nd5 N5c6 12. Nef4 Qd7 13. Nxe7+ Nxe7
14. Bc4+ Kh8 15. Ne6 Ng6 16. Nxf8 Nxf8 17. Rhe1 Qc6 18. Bb3 Bd7 19. Re7 Ng6 20.
Rxg7 Kxg7 21. Bh6+ Kh8 22. Bd5 Qc5 23. Qg5 1-0

[Event "C.to Provinciale AT"]
[Site "Asti ITA"]
[Date "2009.04.16"]
[Round "1"]
[White "Carnino, Luca"]
[Black "Finocchiaro, Gianluca"]
[Result "0-1"]
[WhiteElo "1843"]
[BlackElo "2064"]
[PlyCount "20"]
[EventDate "2009.04.16"]

1. e4 d5 2. exd5 Qxd5 3. Nc3 Qa5 4. d4 Nf6 5. Bc4 Bg4 6. f3 Bf5 7. Nge2 Nc6 8.
O-O O-O-O 9. Be3 e5 10. a3 exd4 0-1

[Event "C.to Provinciale AT"]
[Site "Asti ITA"]
[Date "2009.04.16"]
[Round "1"]
[White "Damia, Angelo"]
[Black "De Francisci, Luigi"]
[Result "1-0"]
[WhiteElo "2235"]
[BlackElo "1914"]
[PlyCount "71"]
[EventDate "2009.04.16"]

1. e4 g6 2. d4 Bg7 3. Nc3 d6 4. f4 e6 5. Nf3 Ne7 6. Be3 h6 7. Qd2 a6 8. a4 b6
9. Bd3 Nd7 10. O-O Bb7 11. f5 exf5 12. exf5 g5 13. h4 g4 14. Nh2 Nf6 15. Rae1
Qd7 16. Qe2 h5 17. Bg5 Kf8 18. Ne4 Neg8 19. c3 Re8 20. Qc2 Nxe4 21. Bxe4 Bxe4
22. Rxe4 Nf6 23. Re2 Kg8 24. Rfe1 Kh7 25. Nf1 Rxe2 26. Rxe2 Re8 27. Ng3 Rxe2
28. Qxe2 a5 29. Bxf6 Bxf6 30. Nxh5 Qxf5 31. Qxg4 Qb1+ 32. Kh2 Bh8 33. Ng3 Qxb2
34. Nf5 Qf2 35. Qh5+ Kg8 36. Qg5+ 1-0

[Event "C.to Provinciale AT"]
[Site "Asti ITA"]
[Date "2009.04.16"]
[Round "1"]
[White "Dritsakos, Alessio"]
[Black "Molina, Fabrizio"]
[Result "0-1"]
[WhiteElo "1924"]
[BlackElo "2240"]
[PlyCount "94"]
[EventDate "2009.04.16"]

1. e4 e6 2. d4 d5 3. Nc3 Bb4 4. e5 c5 5. a3 Bxc3+ 6. bxc3 Ne7 7. Qg4 Qc7 8.
Qxg7 Rg8 9. Qxh7 cxd4 10. Qd3 Nbc6 11. cxd4 Nxe5 12. dxe5 Qxe5+ 13. Kd2 Qxa1
14. Qb5+ Bd7 15. Bb2 Qb1 16. Nf3 Nc6 17. Rg1 Qa2 18. Bd3 Na5 19. Ra1 Nc4+ 20.
Bxc4 Qxc4 21. Qxd7+ Kxd7 22. Ne5+ Ke7 23. Nxc4 dxc4 24. g3 b5 25. Bd4 f6 26. f4
a6 27. Ke3 Rad8 28. c3 Rd5 29. Ke4 Rh5 30. Ra2 Rh3 31. a4 bxa4 32. Bg1 Rd8 33.
Rxa4 Rd1 34. Bc5+ Kd7 35. Rxa6 Rxh2 36. Bd4 Rd3 37. Ra7+ Kc6 38. Ra6+ Kb7 39.
Rxe6 Re2+ 40. Kd5 Rxe6 41. Kxe6 Rxd4 42. cxd4 c3 43. Kxf6 c2 44. g4 c1=Q 45. f5
Qh6+ 46. Ke7 Qg7+ 47. Ke6 Qxg4 0-1

[Event "C.to Provinciale AT"]
[Site "Asti ITA"]
[Date "2009.04.16"]
[Round "1"]
[White "Fortino, Fabrizio"]
[Black "Roversi, Stefano"]
[Result "1-0"]
[WhiteElo "2081"]
[BlackElo "1871"]
[PlyCount "53"]
[EventDate "2009.04.16"]

1. e4 c5 2. c3 d5 3. exd5 Qxd5 4. d4 Nf6 5. Nf3 Bg4 6. Be2 cxd4 7. cxd4 e6 8.
O-O Bd6 9. h3 Bf5 10. Nc3 Qa5 11. Qb3 Qb4 12. Nb5 O-O 13. Qxb4 Bxb4 14. Nc7 Nc6
15. Nxa8 Rxa8 16. a3 Ba5 17. Bf4 Be4 18. Be3 Bb6 19. Rfd1 Na5 20. Rac1 Nb3 21.
Rc3 Bd5 22. Rdd3 Na5 23. Nd2 Ne4 24. Nxe4 Bxe4 25. Rd2 Bd5 26. Bf3 Nb3 27. Rdc2
1-0

[Event "C.to Provinciale AT"]
[Site "Asti ITA"]
[Date "2009.04.16"]
[Round "1"]
[White "Lucchese, Paolo"]
[Black "Monticone, Sonia"]
[Result "1/2-1/2"]
[WhiteElo "2005"]
[BlackElo "1789"]
[PlyCount "56"]
[EventDate "2009.04.16"]

1. e4 c5 2. Nf3 e6 3. d4 cxd4 4. Nxd4 a6 5. Bd3 Nf6 6. O-O Qc7 7. c4 Nc6 8.
Nxc6 bxc6 9. Nc3 Be7 10. Qe2 d6 11. f4 O-O 12. Be3 Bb7 13. c5 dxc5 14. Rac1 c4
15. Bxc4 Rac8 16. e5 Nd7 17. Bxa6 Nb6 18. Bxb7 Qxb7 19. Ne4 Nd5 20. Bc5 Bxc5+
21. Nxc5 Qa7 22. a3 Rb8 23. Rf3 Rfd8 24. b4 Qb6 25. Qa6 Qc7 26. Ne4 Rb6 27. Qc4
h6 28. g3 Ra8 1/2-1/2

[Event "C.to Provinciale AT"]
[Site "Asti ITA"]
[Date "2009.04.16"]
[Round "1"]
[White "Piantadosi, Angelo"]
[Black "Sola, Giuseppe"]
[Result "0-1"]
[WhiteElo "1685"]
[BlackElo "1993"]
[PlyCount "112"]
[EventDate "2009.04.16"]

1. e4 c5 2. c3 Nf6 3. e5 Nd5 4. d4 cxd4 5. cxd4 e6 6. a3 d6 7. Nf3 Nc6 8. Bc4
Nb6 9. Ba2 dxe5 10. dxe5 Qxd1+ 11. Kxd1 Bc5 12. Ke2 Nd4+ 13. Nxd4 Bxd4 14. f4
Na4 15. Rd1 Bxb2 16. Bxb2 Nxb2 17. Rd4 Bd7 18. Rb4 Na4 19. Rxb7 Nb6 20. Rc7 Ke7
21. Nc3 Rhc8 22. Rxc8 Rxc8 23. Kd3 Bc6 24. g3 Bb7 25. Rb1 Ba6+ 26. Kd2 Rd8+ 27.
Ke1 Rd3 28. Rc1 h5 29. Bb1 Rd4 30. Ne4 Nd5 31. Nd6 f6 32. Nc8+ Bxc8 33. Rxc8
fxe5 34. fxe5 h4 35. Rb8 Nb6 36. Rb7+ Rd7 37. Rxd7+ Nxd7 38. gxh4 Nxe5 39. Kf2
Kf6 40. Kg3 Nc4 41. a4 a5 42. Bd3 Nb6 43. Bb5 Kf5 44. Kf3 Nd5 45. Bd3+ Ke5 46.
Kg4 Kd4 47. Bf1 Ne3+ 48. Kg5 Nxf1 49. Kg6 e5 50. Kxg7 e4 51. h5 e3 52. h6 e2
53. h7 e1=Q 54. h8=Q Qe5+ 55. Kg8 Qxh8+ 56. Kxh8 Nxh2 0-1

[Event "C.to Provinciale AT"]
[Site "Asti ITA"]
[Date "2009.04.16"]
[Round "1"]
[White "Porzio, Massimo"]
[Black "Sorcinelli, Francesco"]
[Result "0-1"]
[WhiteElo "1901"]
[BlackElo "2116"]
[PlyCount "37"]
[EventDate "2009.04.16"]

1. e4 c5 2. Nf3 d6 3. d4 cxd4 4. Nxd4 Nf6 5. Nc3 g6 6. Be3 Bg7 7. f3 O-O 8. Qd2
Nc6 9. O-O-O d5 10. exd5 Nxd5 11. Nxc6 bxc6 12. Bd4 e5 13. Bc5 Be6 14. Ne4 Rb8
15. c4 Qc7 16. Bd6 Qb7 17. Bxb8 Rxb8 18. cxd5 Bh6 19. dxe6 0-1

[Event "C.to Provinciale AT"]
[Site "Asti ITA"]
[Date "2009.04.16"]
[Round "1"]
[White "Rasulo, Stefano"]
[Black "Giudici, Alberto"]
[Result "1/2-1/2"]
[WhiteElo "1774"]
[BlackElo "1999"]
[PlyCount "128"]
[EventDate "2009.04.16"]

1. e4 c5 2. Nf3 d6 3. d4 cxd4 4. Nxd4 a6 5. Nc3 e6 6. Be3 Nf6 7. f3 Be7 8. Qd2
Nc6 9. O-O-O Nxd4 10. Qxd4 e5 11. Qd2 Be6 12. g4 h6 13. h4 Qa5 14. Kb1 Rc8 15.
Nd5 Qxd2 16. Nxf6+ gxf6 17. Rxd2 h5 18. g5 Kd7 19. Bh3 Bxh3 20. Rxh3 fxg5 21.
hxg5 Rcg8 22. c4 Bxg5 23. Bxg5 Rxg5 24. c5 Rg6 25. f4 Ke7 26. f5 Rg1+ 27. Kc2
dxc5 28. Rhd3 Kf6 29. Rd7 Rh7 30. Rxb7 h4 31. Rd6+ Kg5 32. Rxf7 Rxf7 33. Rg6+
Kf4 34. Rxg1 h3 35. Rh1 Kg3 36. Kd3 Kg2 37. Re1 h2 38. Kc4 h1=Q 39. Rxh1 Kxh1
40. Kxc5 Kg2 41. Kd5 Kf3 42. Kxe5 Re7+ 43. Kd6 Rxe4 44. f6 Rf4 45. Ke6 Ke4 46.
b4 Kd4 47. a4 Kc3 48. b5 axb5 49. axb5 Kd4 50. b6 Kc5 51. b7 Rb4 52. f7 Rb6+
53. Ke5 Rxb7 54. f8=Q+ Kb6 55. Qb4+ Kc7 56. Qd6+ Kc8 57. Ke6 Rc7 58. Qa6+ Rb7
59. Qc6+ Kb8 60. Kd6 Ra7 61. Qe8+ Kb7 62. Qb5+ Kc8 63. Qc5+ Kb8 64. Qc6 Ra6
1/2-1/2

[Event "C.to Provinciale AT"]
[Site "Asti ITA"]
[Date "2009.04.16"]
[Round "1"]
[White "Ronzano, Luca"]
[Black "Bisi, Samuele"]
[Result "1-0"]
[WhiteElo "1998"]
[BlackElo "1762"]
[PlyCount "88"]
[EventDate "2009.04.16"]

1. d4 Nf6 2. Nc3 d5 3. Bg5 e6 4. e4 Be7 5. e5 Nfd7 6. h4 c5 7. Bxe7 Qxe7 8. Nb5
Kd8 9. c3 a6 10. Nd6 Nc6 11. f4 f6 12. Nf3 fxe5 13. fxe5 h6 14. h5 Rf8 15. Qd2
Ndxe5 16. dxe5 Nxe5 17. Nxb7+ Bxb7 18. Nxe5 Qd6 19. Nf3 e5 20. O-O-O Kc7 21.
Rh3 Rad8 22. Rg3 Rf7 23. Rg6 Qe7 24. Qe1 e4 25. Qg3+ Kc8 26. Ne5 Rf5 27. Nc6
Bxc6 28. Rxc6+ Kb7 29. Rg6 Rf7 30. Bxa6+ Ka7 31. Qg4 Qe5 32. Bc8 Kb8 33. Be6
Rc7 34. Qg3 Qxg3 35. Rxg3 d4 36. Bf5 e3 37. Rxe3 Rf8 38. Rf3 dxc3 39. bxc3 c4
40. Rd7 Rc5 41. g4 Ra5 42. Be4 Re8 43. Rxg7 Rxa2 44. Re3 Rf8 1-0

[Event "C.to Provinciale AT"]
[Site "Asti ITA"]
[Date "2009.04.16"]
[Round "1"]
[White "Turchetta, Gianluca"]
[Black "Bertuca, Gianluca"]
[Result "0-1"]
[WhiteElo "1957"]
[BlackElo "1524"]
[PlyCount "78"]
[EventDate "2009.04.16"]

1. e4 Nf6 2. e5 Nd5 3. d4 d6 4. c4 Nb6 5. exd6 exd6 6. Nf3 Nc6 7. Be2 Be7 8.
O-O O-O 9. Nc3 Bg4 10. b3 Bf6 11. Be3 Re8 12. Rc1 Qe7 13. Qd2 Rad8 14. Rfd1 a6
15. a4 a5 16. h3 Bf5 17. g4 Be4 18. g5 Qd7 19. Nxe4 Rxe4 20. gxf6 Qxh3 21. Bf4
Rde8 22. Ng5 Qf5 23. Nxe4 Rxe4 24. Bg3 Nxd4 25. Re1 Nxb3 26. Qd3 Nxc1 27. Rxc1
Nd7 28. c5 Ne5 29. Bxe5 Qg5+ 30. Bg3 Qxc1+ 31. Kg2 Rxa4 32. cxd6 cxd6 33. Bxd6
Qg5+ 34. Bg3 Qxf6 35. Bf3 Rb4 36. Qd7 h6 37. Qe8+ Kh7 38. Be4+ g6 39. Be5 Rxe4
0-1

[Event "C.to Provinciale AT"]
[Site "Asti ITA"]
[Date "2009.04.16"]
[Round "1"]
[White "Venturino, Federico"]
[Black "Quirico, Paolo"]
[Result "0-1"]
[WhiteElo "1877"]
[BlackElo "2096"]
[PlyCount "108"]
[EventDate "2009.04.16"]

1. d4 Nf6 2. Nf3 d5 3. c4 c6 4. Bg5 Ne4 5. Bf4 Bf5 6. e3 e6 7. Qb3 Qa5+ 8. Nbd2
Bb4 9. Rd1 Bg4 10. a3 Bxd2+ 11. Nxd2 Bxd1 12. Qxd1 Qxd2+ 13. Qxd2 Nxd2 14. Kxd2
dxc4 15. Bxc4 O-O 16. b4 a5 17. Bd6 Rc8 18. b5 cxb5 19. Bxb5 Nc6 20. Rb1 a4 21.
Bd3 Na5 22. Rb4 Rc6 23. Be7 Nb3+ 24. Kd1 Ra7 25. Ke2 Rc7 26. Bd6 Rd7 27. Bg3
Nc1+ 28. Kd2 Nxd3 29. Kxd3 Ra5 30. e4 b5 31. f3 Kf8 32. Be1 Rb7 33. Rb2 Ra8 34.
Bb4+ Ke8 35. Rc2 Kd7 36. Rb2 Rc8 37. Bc5 e5 38. Bb4 exd4 39. Kxd4 Rc4+ 40. Ke5
Kc6 41. g4 Rd7 42. h4 Rd3 43. Kf4 Rb3 44. Rd2 Rbxb4 45. axb4 Rxb4 46. Ke3 Rb3+
47. Ke2 a3 48. Rc2+ Kb6 49. Kd2 Rxf3 50. Rc8 b4 51. Rb8+ Kc5 52. Kc2 Rc3+ 53.
Kd2 a2 54. Ra8 Ra3 0-1

[Event "C.to Provinciale AT"]
[Site "Asti ITA"]
[Date "2009.04.17"]
[Round "2"]
[White "Bisi, Samuele"]
[Black "Porzio, Massimo"]
[Result "1/2-1/2"]
[WhiteElo "1762"]
[BlackElo "1901"]
[PlyCount "89"]
[EventDate "2009.04.16"]

1. d4 Nf6 2. c4 c5 3. d5 b5 4. cxb5 a6 5. e3 axb5 6. Bxb5 Ba6 7. Nc3 Bxb5 8.
Nxb5 Qa5+ 9. Nc3 d6 10. Bd2 Qb6 11. Rb1 Qb7 12. e4 g6 13. f4 Bg7 14. Nf3 O-O
15. O-O Nbd7 16. h3 Nb6 17. b3 Nh5 18. a4 Nxf4 19. Ng5 Nh5 20. Qf3 Nf6 21. Qg3
h6 22. Nf3 Qa7 23. Kh1 Rab8 24. Qh4 g5 25. Qe1 Qd7 26. h4 g4 27. Ng1 e6 28. Qc1
Qe7 29. g3 Nh5 30. Kh2 exd5 31. Bxh6 Qe5 32. Nge2 dxe4 33. Bxg7 Qxg7 34. Rf5
Qh7 35. Qg5+ Ng7 36. Rbf1 Qg6 37. Qxg6 fxg6 38. Rxf8+ Rxf8 39. Rxf8+ Kxf8 40.
Nxe4 Nf5 41. Nf4 Kf7 42. a5 Nc8 43. Nd5 Ke6 44. Nec3 Nd4 45. b4 1/2-1/2

[Event "C.to Provinciale AT"]
[Site "Asti ITA"]
[Date "2009.04.17"]
[Round "2"]
[White "De Francisci, Luigi"]
[Black "Piantadosi, Angelo"]
[Result "1-0"]
[WhiteElo "1914"]
[BlackElo "1685"]
[PlyCount "61"]
[EventDate "2009.04.16"]

1. d4 d5 2. e4 e6 3. Be3 dxe4 4. Nd2 Nf6 5. f3 exf3 6. Ngxf3 Nbd7 7. Bd3 c5 8.
O-O cxd4 9. Nxd4 Bc5 10. N2b3 Bb6 11. Kh1 O-O 12. Bg5 Bxd4 13. Nxd4 Qa5 14. Nf3
b6 15. Qe2 Bb7 16. Bb5 a6 17. Bxd7 Nxd7 18. Be7 Rfe8 19. Bh4 Qh5 20. Bg3 e5 21.
Qe3 Rac8 22. Rad1 Nc5 23. Nd2 Rc6 24. Nc4 f5 25. Nd6 Rd8 26. Qxe5 Ne4 27. Qd5+
Kf8 28. Rxf5+ Nf6 29. Rxf6+ gxf6 30. Qxh5 Rxc2 31. Qf7# 1-0

[Event "C.to Provinciale AT"]
[Site "Asti ITA"]
[Date "2009.04.17"]
[Round "2"]
[White "Del Nevo, Claudio"]
[Black "Rasulo, Stefano"]
[Result "0-1"]
[WhiteElo "1894"]
[BlackElo "1774"]
[PlyCount "106"]
[EventDate "2009.04.16"]

1. d4 e6 2. Nf3 d5 3. c3 Nf6 4. Bg5 Be7 5. Bxf6 Bxf6 6. e3 Nd7 7. Bd3 c5 8.
Nbd2 O-O 9. Qc2 g6 10. h4 c4 11. Be2 b5 12. h5 Rb8 13. hxg6 fxg6 14. a3 e5 15.
dxe5 Nxe5 16. Nxe5 Bxe5 17. g4 Qb6 18. Nf3 Bg7 19. O-O-O Bxg4 20. Nh2 Bf5 21.
Qd2 Rfd8 22. Bf3 Be4 23. Qe2 Bd3 24. Rxd3 cxd3 25. Qxd3 Qc5 26. Ng4 d4 27. exd4
Rxd4 28. Qe3 Rb6 29. Qe8+ Bf8 30. Nh6+ Kh8 31. Nf7+ Kg7 32. Ne5 Rf4 33. Nd3 Qg5
34. Nxf4 Qxf4+ 35. Qe3 Qxe3+ 36. fxe3 Rf6 37. Be2 Bc5 38. Kd2 Rd6+ 39. Bd3 a5
40. b4 axb4 41. axb4 Bb6 42. Ke2 Re6 43. e4 Re5 44. Ra1 h5 45. Ra6 Bd8 46. Ra8
Bf6 47. Ra7+ Kh6 48. Rb7 Rg5 49. Bxb5 Bxc3 50. Bc6 h4 51. b5 h3 52. b6 Be5 53.
Rf7 h2 0-1

[Event "C.to Provinciale AT"]
[Site "Asti ITA"]
[Date "2009.04.17"]
[Round "2"]
[White "Finocchiaro, Gianluca"]
[Black "Bove, Alessandro"]
[Result "1/2-1/2"]
[WhiteElo "2064"]
[BlackElo "2297"]
[PlyCount "81"]
[EventDate "2009.04.16"]

1. e4 c5 2. c3 Nf6 3. e5 Nd5 4. d4 cxd4 5. Nf3 Nc6 6. cxd4 d6 7. Bc4 e6 8. O-O
Nb6 9. Bb5 Bd7 10. Nc3 a6 11. Bxc6 Bxc6 12. Qe2 Be7 13. Rd1 O-O 14. Bf4 Nd5 15.
Nxd5 Bxd5 16. b3 Rc8 17. Rac1 Qd7 18. Ng5 Rxc1 19. Rxc1 f6 20. exf6 Bxf6 21.
Qc2 g6 22. Be3 Bg7 23. Qc7 Qxc7 24. Rxc7 h6 25. Nf3 Rf7 26. Rc8+ Rf8 27. Rc7
Rf7 28. Rc8+ Kh7 29. Rd8 Bf8 30. Nd2 Kg7 31. f3 Be7 32. Rc8 g5 33. Nc4 Kg6 34.
Rg8+ Kf6 35. Bd2 Rf8 36. Rxf8+ Bxf8 37. Bb4 Bxc4 38. bxc4 Be7 39. Kf2 d5 40.
Bxe7+ Kxe7 41. c5 1/2-1/2

[Event "C.to Provinciale AT"]
[Site "Asti ITA"]
[Date "2009.04.17"]
[Round "2"]
[White "Forno, Roberto"]
[Black "Carnino, Luca"]
[Result "1-0"]
[WhiteElo "1944"]
[BlackElo "1843"]
[PlyCount "49"]
[EventDate "2009.04.16"]

1. d4 f5 2. g3 Nf6 3. Bg2 g6 4. c4 Bg7 5. Nc3 O-O 6. Nf3 d6 7. O-O Qe8 8. Qc2
e5 9. dxe5 dxe5 10. b3 Qe7 11. Rd1 c6 12. a4 Na6 13. Ba3 Nb4 14. Qd2 a5 15. Na2
e4 16. Nd4 c5 17. Nb5 Ra6 18. Nac3 Re6 19. Rac1 e3 20. fxe3 Rxe3 21. Bf3 f4 22.
Nd5 Nfxd5 23. cxd5 fxg3 24. d6 gxh2+ 25. Kh1 1-0

[Event "C.to Provinciale AT"]
[Site "Asti ITA"]
[Date "2009.04.17"]
[Round "2"]
[White "Giudici, Alberto"]
[Black "Lucchese, Paolo"]
[Result "0-1"]
[WhiteElo "1999"]
[BlackElo "2005"]
[PlyCount "92"]
[EventDate "2009.04.16"]

1. d4 Nf6 2. Bf4 e6 3. e3 b6 4. Nf3 Bb7 5. h3 Be7 6. Nbd2 O-O 7. c3 c5 8. Bd3
d5 9. Rc1 Nc6 10. Ne5 Rc8 11. Nxc6 Rxc6 12. O-O Rc8 13. Qf3 h6 14. g4 Nh7 15.
Qg2 Bd6 16. Bg3 Qe7 17. f4 a6 18. h4 Nf6 19. g5 Ng4 20. Rce1 f5 21. Nf3 h5 22.
Ne5 Bxe5 23. fxe5 g6 24. Qe2 Qc7 25. c4 cxd4 26. cxd5 Nxe3 27. d6 Qc6 28. Kh2
Nxf1+ 29. Rxf1 b5 30. Be1 Qd5 31. Bb4 Rfe8 32. a3 Rc6 33. Ba5 Rec8 34. Bc7
R6xc7 35. dxc7 Rxc7 36. Kg3 Rc5 37. Kf4 Qg2 38. Rf2 Qg4+ 39. Qxg4 hxg4 40. h5
Rc1 41. hxg6 Kg7 42. Kg3 Rg1+ 43. Kf4 Kxg6 44. Rh2 Rh1 45. Rc2 Rh3 46. Be2 d3
0-1

[Event "C.to Provinciale AT"]
[Site "Asti ITA"]
[Date "2009.04.17"]
[Round "2"]
[White "Molina, Fabrizio"]
[Black "Fortino, Fabrizio"]
[Result "1-0"]
[WhiteElo "2240"]
[BlackElo "2081"]
[PlyCount "73"]
[EventDate "2009.04.16"]

1. c4 g6 2. Nf3 Bg7 3. d4 d6 4. Nc3 Nf6 5. Bg5 h6 6. Bh4 O-O 7. e3 c6 8. Be2
Nbd7 9. O-O e5 10. Qc2 Qe8 11. dxe5 dxe5 12. Nd2 Qe6 13. Rad1 Ne8 14. b4 g5 15.
Bg3 f5 16. c5 Kh8 17. f3 b6 18. cxb6 axb6 19. e4 Nd6 20. a4 Nf6 21. Bf2 Rb8 22.
a5 bxa5 23. bxa5 Ra8 24. Nb3 Nc4 25. exf5 Qf7 26. Ne4 Nxa5 27. Ra1 Qc7 28. Nxf6
Bxf6 29. Qc5 Be7 30. Qc3 Nxb3 31. Rxa8 Nd4 32. Bxd4 exd4 33. Qxd4+ Bf6 34. Qa4
Kg7 35. Ra7 Bb7 36. Rb1 Rb8 37. Ba6 1-0